000 00618nam a2200229Ia 4500
003 OSt
005 20220923230752.0
006 a|||||r|||| 00| 0
007 ta
008 Pun
024 _a305,406
037 _cTextual
040 _aARTS
_cARTS
_bPun
041 _2Pun
_aPun
082 _aQ8441:21:g, 153K2.2
100 _aਨਾਭਾ, ਕਾਨ੍ਹ ਸਿੰਘ
_9156315
245 0 _aਗੁਰਮਤਿ ਮਾਰਤੰਡ
260 _c1962
650 _aਧਰਮ
942 _hQ8441:21:g, 153K2.2
_cTEXL
_2CC
999 _c387208
_d387208